000 00344nam a2200145Ia 4500
008 230917s9999||||xx |||||||||||||| ||und||
040 _e50297
_aMAIN
041 _aEnglish
082 _a822.08 T366T
100 _aThomas, R George
245 0 _aTen miracle plays
260 _aLondon
_bEdward Arnold
_c1966
300 _a166 p.
942 _cBK
999 _c228458
_d228458